| 000 | 00596 a2200205 4500 | ||
|---|---|---|---|
| 005 | 20260213163411.0 | ||
| 008 | 260213b |||||||| |||| 00| 0 eng d | ||
| 020 |
_a9781032768731 _cRs. 1295.00 |
||
| 040 | _aMAIN | ||
| 082 |
_a320.9581 _bS19T |
||
| 100 | _a Sahill, Pamir Halimzai | ||
| 245 | _aTurbulent Afghanistan: A critical analysis of the US politics of confinement and the rise of the taliban | ||
| 250 | _aOxon | ||
| 260 |
_bRoutledge _c2024 _aOxon |
||
| 300 | _axvi, 195 | ||
| 650 | _aPolitical Science | ||
| 650 | _aAfghanistan - History | ||
| 650 | _aPolitics | ||
| 942 | _cBK | ||
| 999 |
_c395245 _d395245 |
||